Modern nuclear chemistry
Modern Nuclear Chemistry provides up-to-date coverage of the latest research as well as examinations of the theoretical and practical aspects of nuclear and radiochemistry. Includes worked examples and solved problems.
محفوظ في:
| المؤلف الرئيسي: | |
|---|---|
| التنسيق: | كتاب |
| اللغة: | Undetermined |
| منشور في: |
Hoboken, N.J.
Wiley-Interscience
2006
|
| الموضوعات: | |
| الوسوم: |
إضافة وسم
لا توجد وسوم, كن أول من يضع وسما على هذه التسجيلة!
|
| Thư viện lưu trữ: | Trung tâm Học liệu Trường Đại học Cần Thơ |
|---|
| LEADER | 00801nam a2200205Ia 4500 | ||
|---|---|---|---|
| 001 | CTU_197309 | ||
| 008 | 210402s9999 xx 000 0 und d | ||
| 020 | |c 3125000 | ||
| 082 | |a 541.38 | ||
| 082 | |b L898 | ||
| 100 | |a Loveland, Walter D. | ||
| 245 | 0 | |a Modern nuclear chemistry | |
| 245 | 0 | |c Walte Loveland, David J. Morrissey, Glenn T. Seaborg | |
| 260 | |a Hoboken, N.J. | ||
| 260 | |b Wiley-Interscience | ||
| 260 | |c 2006 | ||
| 520 | |a Modern Nuclear Chemistry provides up-to-date coverage of the latest research as well as examinations of the theoretical and practical aspects of nuclear and radiochemistry. Includes worked examples and solved problems. | ||
| 650 | |a Nuclear chemistry,Hóa học hạt nhân | ||
| 910 | |a Hải | ||
| 980 | |a Trung tâm Học liệu Trường Đại học Cần Thơ | ||